|
|
|
|
| LEADER |
00000naa2a2200000 4500 |
| 001 |
612716 |
| 005 |
20240205143948.0 |
| 035 |
|
|
|a (RuTPU)RU\TPU\conf\10847
|
| 035 |
|
|
|a RU\TPU\conf\10835
|
| 090 |
|
|
|a 612716
|
| 100 |
|
|
|a 20150624d2015 k y0rusy50 ca
|
| 101 |
0 |
|
|a rus
|
| 102 |
|
|
|a RU
|
| 105 |
|
|
|a y z 101zy
|
| 135 |
|
|
|a drgn ---uucaa
|
| 181 |
|
0 |
|a i
|
| 182 |
|
0 |
|a b
|
| 200 |
1 |
|
|a Изучение содержания долгоживущих радионуклидов в лекарственных растениях, принадлежащих болотному сообществу
|f В. О. Бабичева, Н. К. Рыжакова, Л. Г. Бабешина
|
| 203 |
|
|
|a Текст
|c электронный
|
| 225 |
1 |
|
|a Физико-химические и изотопные технологии в науке, промышленности и медицине
|
| 300 |
|
|
|a Заглавие с титульного экрана
|
| 320 |
|
|
|a [Библиогр.: с. 155 (2 назв.)]
|
| 337 |
|
|
|a Adobe Reader
|
| 463 |
|
0 |
|0 (RuTPU)RU\TPU\conf\10637
|t Физико-технические проблемы в науке, промышленности и медицине
|o сборник тезисов докладов VII Международной научно-практической конференции, г. Томск, 3-6 июня 2015 г.
|f Национальный исследовательский Томский политехнический университет (ТПУ) ; под ред. А. Н. Дьяченко [и др.]
|v [С. 154-155]
|d 2015
|
| 610 |
1 |
|
|a труды учёных ТПУ
|
| 610 |
1 |
|
|a электронный ресурс
|
| 610 |
1 |
|
|a радионуклиды
|
| 610 |
1 |
|
|a лекарственные растения
|
| 610 |
1 |
|
|a биологически активные вещества
|
| 700 |
|
1 |
|a Бабичева
|b В. О.
|g Валентина Олеговна
|
| 701 |
|
1 |
|a Рыжакова
|b Н. К.
|c физик
|c доцент Томского политехнического университета, кандидат физико-математических наук
|f 1947-
|g Надежда Кирилловна
|3 (RuTPU)RU\TPU\pers\28003
|9 12992
|
| 701 |
|
1 |
|a Бабешина
|b Л. Г.
|g Лариса Геннадьевна
|
| 712 |
0 |
2 |
|a Национальный исследовательский Томский политехнический университет (ТПУ)
|b Физико-технический институт (ФТИ)
|b Кафедра прикладной физики (№ 12) (ПФ)
|3 (RuTPU)RU\TPU\col\18729
|
| 801 |
|
2 |
|a RU
|b 63413507
|c 20210210
|g RCR
|
| 856 |
4 |
|
|u http://earchive.tpu.ru/handle/11683/17392
|
| 856 |
4 |
|
|u http://www.lib.tpu.ru/fulltext/c/2015/C49/124.pdf
|
| 942 |
|
|
|c BK
|